000 00540nam a2200193Ia 4500
005 20250326144933.0
008 250326s9999 xx 000 0 und d
020 _a81-7629-386-5
037 _aTextbook
040 _aFMSL
_beng
_cFMSL
041 _aeng
_2eng
084 _aX:8D P2
_qFMSL
100 _aRao P M Ed.
_9750342
245 0 _aFicial system and economic reforms
_cRao P M Ed.
260 _aNew Delhi
_bNew Delhi, Deep & Deep Pub.
_c2002
300 _axii,375
942 _cTB
_hX:8D P2
999 _c1305702
_d1305702